|
|
|
|
| LEADER |
00000naa2a2200000 4500 |
| 001 |
237695 |
| 005 |
20260424134541.0 |
| 035 |
|
|
|a (RuTPU)RU\TPU\book\258870
|
| 035 |
|
|
|a RU\TPU\book\258593
|
| 090 |
|
|
|a 237695
|
| 100 |
|
|
|a 20130517d2012 k y0rusy50 ca
|
| 101 |
0 |
|
|a rus
|
| 102 |
|
|
|a RU
|
| 135 |
|
|
|a drcn ---uucaa
|
| 181 |
|
0 |
|a i
|
| 182 |
|
0 |
|a b
|
| 200 |
1 |
|
|a Интеллектуальная собственность, как метод воздействия на экономику
|f Н. А. Кащавцева, Е. И. Акулич
|g науч. рук. Е. И. Акулич
|
| 203 |
|
|
|a Текст
|c электронный
|
| 225 |
1 |
|
|a Процесс глобализации и проблемы экономики России
|
| 300 |
|
|
|a Заглавие с титульного экрана
|
| 320 |
|
|
|a [Библиогр.: с. 83 (5 назв.)]
|
| 337 |
|
|
|a Adobe Reader
|
| 461 |
|
1 |
|0 (RuTPU)RU\TPU\book\258397
|t Энергия молодых - экономике России
|l Energy of Youth for Russian Economy
|o сборник научных трудов XIII Международной научно-практической конференции студентов и молодых ученых, г. Томск, 16-19 апреля 2012 г.
|o в 2 ч.
|f Национальный исследовательский Томский политехнический университет (ТПУ) ; Вольное экономическое общество России ; Международный союз экономистов (МСЭ) ; ред. коллегия В. В. Еремин ; Ю. С. Нехорошев ; Г. А. Барышева ; И. Е. Никулина ; Т. Б. Варлачева ; И. В. Кащук ; Е. Ю. Маталасова
|d 2012
|
| 463 |
|
1 |
|0 (RuTPU)RU\TPU\book\258408
|t Ч. 1
|v [С. 82-83]
|d 2012
|
| 610 |
1 |
|
|a труды учёных ТПУ
|
| 610 |
1 |
|
|a электронный ресурс
|
| 610 |
1 |
|
|a интеллектуальная собственность
|
| 610 |
1 |
|
|a экономика
|
| 610 |
1 |
|
|a интеллектуальные права
|
| 610 |
1 |
|
|a патентование
|
| 610 |
1 |
|
|a защита
|
| 700 |
|
1 |
|a Кащавцева
|b Н. А.
|
| 701 |
|
1 |
|a Акулич
|b Е. И.
|c специалист в области экономических наук
|c ассистент Юргинского технологического института (филиал) Томского политехнического университета
|f 1986-
|g Екатерина Игоревна
|3 (RuTPU)RU\TPU\pers\30804
|
| 702 |
|
1 |
|a Акулич
|b Е. И.
|c специалист в области экономических наук
|c ассистент Юргинского технологического института (филиал) Томского политехнического университета
|f 1986-
|g Екатерина Игоревна
|3 (RuTPU)RU\TPU\pers\30804
|4 727
|
| 801 |
|
2 |
|a RU
|b 63413507
|c 20130517
|g RCR
|
| 856 |
4 |
|
|u http://www.lib.tpu.ru/fulltext/c/2012/C23/V1/035.pdf
|
| 942 |
|
|
|c CF
|